| 000 | 03834nam a2200373Ia 4500 | ||
|---|---|---|---|
| 999 |
_c55631 _d55631 |
||
| 001 | 22726 | ||
| 003 | GE_BSU | ||
| 005 | 20230501144958.0 | ||
| 008 | 181216s ||||ge |||||||||||||| ||geo|| | ||
| 020 | _a9789941137129 | ||
| 040 | _cGE_BSU | ||
| 041 | _ageo | ||
| 080 | _a35:94(479.22) ნ-77 | ||
| 245 |
_aნოე ჟორდანია 150 = Noe Jordania 150 = Noé Jordania 150 = Noë Jordania 150 : 100 წელი საქართველოს პირველი დემოკრატიული რესპუბლიკის დაარსებიდან / _cავტორ-შემდგენლები : ირაკლი ირემაშვილი, დიმიტრი სილაქაძე, სალომე ჭანტურიძე ; გამოცემაზე მუშაობდნენ : რეჯებ ჟორდანია, ქრისტინე ფაღავა-ბულეზი, გიგი გიოშვილი ; გამოცემის რედაქტორი ზურაბ გაიპარაშვილი ; მთარგმნელები : მარინა ჭყონია (ინგლისური), თამარ ხეტაშვილი(ფრანგული), თამარ კახეთელიძე(გერმანული) ; ქართული ტექსტის რედაქტორი მარიკა ერქომაიშვილი, ფრანგული ტექსტის რედაქტორი ქეთევან ქუსიკაშვილი, გერმანული ტექსტის რედაქტორი სალომე თოლორაია ; დიზაინერი მარიამ ებრალიძე. |
||
| 264 |
_aთბილისი : _bთსუ, _c2018. |
||
| 300 |
_a160 გვ. : _bილ. ; _c22 სმ. |
||
| 500 | _a100 წელი საქართველოს პირველი დემოკრატიული რესპუბლიკის დაარსებიდან | ||
| 500 | _aგარეკანი, თავფურცელი და ტექსტი ქართ., ინგლ., ფრანგ. და გერმ. ენებზე | ||
| 541 | _h12ლ. | ||
| 653 | _aისტორია | ||
| 653 | _aნოე ჟორდანია 150 = Noe Jordania 150 = Noé Jordania 150 = Noë Jordania 150 : 100 წელი საქართველოს პირველი დემოკრატიული რესპუბლიკის დაარსებიდან | ||
| 653 | _aსახელმწიფოს ადმინისტრაციული მმართველობა | ||
| 653 | _aმთავრობა | ||
| 653 | _aნოე ჟორდანია, 1868-1953 | ||
| 653 | _aსაქართველოს სოციალ-დემოკრატიული პარტია | ||
| 653 | _aქართველი პოლიტიკოსები | ||
| 700 |
_aსილაგაძე, დიმიტრი _eავტორი, შემდგენელი _917879 |
||
| 700 |
_aგიოშვილი, გიგო _eავტორი, შემდგენელი _917880 |
||
| 700 |
_aგაიპარაშვილი, ზურაბ _eგამოცემის რედაქტორი _98311 |
||
| 700 |
_aჭყონია, მარინა _eმთარგმნელი _95670 |
||
| 700 |
_aხეტაშვილი, თამარ _eმთარგმნელი _917881 |
||
| 700 |
_aკახეთელიძე, თამარ _eმთარგმნელი _917882 |
||
| 942 |
_cBK _2udc |
||